000 00630nam a22002057a 4500
005 20251108172627.0
008 250721s1985 xx 000 0 ara d
082 1 4 _a025/عمد
100 1 _aالعمد، هاني
_eمحرر
245 1 0 _aالمعالجه الفنيه للمعلومات /
264 1 _aعمان :
_bمنشورات جمعيه المكتبات الأردنيه،
_c1985.
300 _a398 ص
650 1 7 _aعلم المكتبات
650 1 7 _aالفهرسه
650 1 7 _aاللتكشيف
650 1 7 _aالتصنيف
650 1 7 _aالتحليل الموضوعي
942 _2ddc
_cBK
999 _c84400
_d84400